Fish Species to State - Statistics

General Stats
  • This quiz has been taken 20 times
  • The average score is 7 of 24
Answer Stats
Species State % Correct
Cape Fear Shiner, Notchlip Redhorse, Sandhills Chub North Carolina
89%
Yazoo Darter, Pearl Darter, Yoknapatawpha Darter Mississippi
67%
Arctic Grayling, Cedar Sculpin, Sauger Montana
67%
Manantial Roundnose Minnow, Tamaulipas Shiner, Leon Springs Pupfish Texas
67%
Yaqui Catfish, Mexican Stoneroller, Little Colorado Spinedace Arizona
33%
Coho Salmon, Owens Sucker, Prickly Sculpin California
33%
Blackbanded Sunfish, Santee Chub, Bluebarred Pygmy Sunfish South Carolina
33%
Blackfin Sucker, Crown Darter, Smoky Madtom Tennessee
33%
Weed Shiner, Highscale Shiner, Flame Chub Alabama
22%
Black Madtom, Clear Chub, Okaloosa Darter Florida
22%
Wood River Sculpin, White Sturgeon, Utah Chub Idaho
22%
Ives Lake Cisco, Freshwater Drum, Mottled Sculpin Michigan
22%
White River Spinedace, Desert Dace, Moapa Dace Nevada
22%
Sand Roller, Borax Lake Chub, Warner Sucker Oregon
22%
Inconnu, Pond Smelt, Round Whitefish Alaska
11%
Chub Shiner, Rainbow Darter, Caddo Madtom Arkansas
11%
Roundtail Chub, Johnny Darter, White Crappie Colorado
11%
Bannerfin Shiner, Etowah Darter, Conasauga Logperch Georgia
11%
Blackspot Shiner, Broadstripe Topminnow, Redfin Shiner Louisiana
11%
Shortnose Gar, Niangua Darter, Wedgespot Shiner Missouri
11%
Ghost Shiner, Kiamichi Shiner, Plains Killifish Oklahoma
11%
Spotted Darter, Bridle Shiner, Shield Darter Pennsylvania
11%
Duskytail Darter, Carolina Fantail Darter, Swampfish Virginia
11%
Olympic Mudminnow, Umatilla Dace, Chinook Salmon Washington
11%
No matching quizzes found
Score Distribution
Percent of People with Each Score
Percentile by Number Answered
Your Score History
You have not taken this quiz